| 000 | 02423nam2a2200349 4500 | ||
|---|---|---|---|
| 001 | RU\NLR\bibl\1882368 | ||
| 005 | 20250616194104.0 | ||
| 010 |
_a978-5-904570-15-6 _9500 |
||
| 021 |
_aRU _b2012-15585 _91172 |
||
| 035 | _a(NLR Aleph) 001872128 | ||
| 090 |
_a2675789 _c2675789 |
||
| 100 | _a20120320d2011 |||y0rusy50 ca | ||
| 101 | 0 | _arus | |
| 102 | _aRU | ||
| 105 | _aa ||||||||| | ||
| 200 | 1 |
_aУтраченные книжные ценности _hкн. 10 _iЗональная научная библиотека Воронежского государственного университета _eиздания на русском языке XVIII - первой трети XX века _f[сост.: Л.Б. Вольфиун и др. _gвступ. ст.: А.М. Мазурицкий и др.] |
|
| 210 |
_d2011 _aБ. м. |
||
| 215 |
_a167 с. _cил., портр., факс. |
||
| 320 | _aБиблиогр. в тексте и в подстроч. примеч. | ||
| 320 | _aИмен. указ.: с. 156-164 | ||
| 461 | 0 |
_1001RU\NLR\bibl\1778351 _12001#$aСводный каталог культурных ценностей Российской Федерации, похищенных и утраченных в период Второй мировой войны$vТ. 11 _91626574 _cМосква _d2010 _fМ-во культуры Рос. Федерации _nМинистерство культуры Российской Федерации _tСводный каталог культурных ценностей Российской Федерации, похищенных и утраченных в период Второй мировой войны _vТ. 11 |
|
| 601 | 0 | 2 |
_aВоронежский государственный университет _bЗональная научная библиотека _jКаталоги _xФонды _92621396 _3RU\NLR\auth\661557956 |
| 606 | 1 |
_aКниги _jКаталоги _xРазрушение и похищение немецкими захватчиками в СССР _z1941 - 1945 _92292249 _3RU\NLR\auth\661372763 |
|
| 686 | _aЧ734(2)718.1я18 | ||
| 686 | _aЯ12(0)2 | ||
| 702 | 1 |
_aВольфцун _bЛ. Б. _gЛюдмила Борисовна _4220 |
|
| 801 | 0 |
_aRU _bNLR _c20120320 _gRCR |
|
| 801 | 1 |
_aRU _bNLR _c20120320 |
|
| 830 | _aСост. по ЭК | ||
| 942 | _cBOOK | ||
| 980 | _aNB | ||